| 000 | 00510nam a22001697a 4500 | ||
|---|---|---|---|
| 003 | OSt | ||
| 082 |
_a631.587 _bAFR/PE |
||
| 088 | _aP 512 | ||
| 100 |
_aAfrad Hasan _94926 |
||
| 100 |
_aMidhula B N _94927 |
||
| 100 |
_aNargees K _94928 |
||
| 245 | _aPerformance evaluation of coloured plastic mulch and drip irrigation of Brinjal under open field condition | ||
| 260 |
_aTavanur _bDepartment of Soil and water Conservation Engineering _c2021 |
||
| 300 | _a87 p | ||
| 700 | _aPriya G Nair (Guide) | ||
| 942 | _cPR | ||
| 999 |
_c17390 _d17390 |
||